MDQL
is popping MORE tags! Check the
thread
!
Quizzes
Events
Quiz Creation
Community
Videos
Private Events
Remove Ads
Sign In
Join for FREE
Feedback
Dark Mode
Quiz Categories
Sports
Geography
Music
Movies
Television
Just For Fun
Miscellaneous
History
Literature
Language
Science
Gaming
Entertainment
Religion
Holiday
For Kids
Quiz Lab
Recent
Popular Today
Quiz Kudos Today
Editor Picks
Curator Picks
Quizzes by...
Day
Popularity
Type
Ratings
Length
Year
Community
Subscriptions
Recent Discussions
Orange Saloon
Badges
Playlists
Quests
Create
Leaderboards
Showdown
Live 5
Trivia Bingo
Activity
Puzzle Library
Sporcle Events
Private Events
Virtual Trivia
Globe League
Become a Host
Pub Owners
SporcleCon
Opinionation
Our Games
Videos
Blog
Mobile Apps
Partnerships
Remove Ads and Go Orange
Feedback
Television
TV Characters
TV Show
Sitcom
Network
Friends
Reality Shows
Cast
South Park
Star Trek
The Simpsons
Doctor Who
Television
TV Characters
TV Show
Sitcom
Network
Friends
Reality Shows
Cast
South Park
Star Trek
The Simpsons
Doctor Who
Random Quiz
Search Sporcle
×
Quiz Lab
Quiz Lab
Television
george
Type in answers that appear in a list
Type in answers that appear in a list
Classic
Best Score? Go Orange.
List of Curious George Major TV Characters Stats
Can you name the List of Curious George Characters?
By
Icefan847
5m
17 Questions
912 Plays
912 Plays
912 Plays
Comments
Comments
Give Quiz Kudos
Give Quiz Kudos
-
- Ratings
hide this ad
Replay
Link that replays current quiz
Next Quiz
Link to next quiz in quiz playlist
You Got
0%
They Got
Avg Score
58%
Avg Friend Score
Upgrade to see
Score Distribution
Jump to the score distribution portion of the page
Score
0/17
Timer
05:00
0
Plays Today
Hint
Name
% Correct
Monkey
Curious George
97.8%
Dachshund
Hundley
78.2%
Squirrel
Jumpy Squirrel
75.5%
Paper Route Boy
Bill
68.5%
Singular Color Human
The Man with the Yellow Hat
65.4%
Homing Pigeon
Compass
64.5%
Female Scientist
Professor Wiseman
60.8%
Cat
Gnocchi
58.4%
Male Child that lives with Black Spaniel
Steve
58%
Hint
Name
% Correct
Black Spaniel
Charkie
57.9%
Apartment Worker
The Doorman
57%
Female Child that lives with Blck Spaniel
Betsy
56.9%
Building owner that hires window-
washers
Mr. Glass
50.8%
Italian Cook's Wife
Netti
40.8%
Italian Cook
Chef Pisghetti
40.2%
Country House Neighbor Couple
The Renkins
40%
Monkey's Painter Neighbor
Mr. Zoobel
29%
Quiz Playlist
Details
Report
Send in Message
Add To Playlist
Classic:
Type in answers that appear in a list
Last Updated: Feb 16, 2017
Quiz Scoreboard
CHALLENGE
Sign Up to Join the Scoreboard
Show All
Scores
Hide
Comments
May contain spoilers
Recently Published
Two Season TV Shows II
by 123Four
Television
10m
Image Sorting: Flags VI
by Barbecue
Geography
2m
Find the 'City' Movie
by crazypaving
Movies
60s
More to Explore
Quiz From the Vault
Featured Blog Post
14 Easter Pick-up Lines to Find Eggs With
hide this ad
You Might Also Like...
Tags
Character
george
major
Today's Top Quizzes in Television
Browse Television
hide this ad
Today's Top Quizzes in george
Browse george
Top Contributed Quizzes in Television
1
Survivor Journey Challenge
2
Adjectives in 00s TV Shows
3
Brooklyn Nine Nine Logic Puzzle (How-To-Play)
4
Even More Two Season TV Shows
5
Total Drama Characters
6
Survivor Logic Puzzle: Heroes vs. Villains
7
Adjectives in 10s TV Shows
8
Survivor Heroes vs. Villains Logic Puzzle
9
Phoebe Buffay Quotes
10
Survivor Seasons
Explore More
Trending Topics
Marvel
Crossword
Disney
Kpop
Anime
NBA
Harry Potter
NFL
Country
Puzzle
Soccer
WWE
The Office
Song
Pokémon
hide this ad
More By:
Icefan847
Quiz
Plays
Rating
Category
Featured
Created
Highest NBA Scorer Per State Born
4,132
4.50
Sports
Nov 24, 2010
1970's Home Run Leaders
997
4.27
Sports
Jul 27, 2010
List of Curious George Major TV Characters
912
4.50
Television
Jan 26, 2011
MLB Managers of the 1970's
883
3.50
Sports
Nov 7, 2011
Montreal Expos All-Stars
446
4.20
Sports
Aug 3, 2010
Go to Creator's Profile
Score Distribution
Quiz Creator Spotlight
Icefan847
Follow
Send a Message
Quizzes Created
-
Created Quiz Play Count
-
More By This Creator
Popular Quizzes Today
1
Find the US States - No Outlines Minefield
2
Colored Red Africa Blitz
3
Find the 'City' Movie
4
5x2 Blitz: Bands
5
The Countries of the World
6
Find the Countries of Europe - No Outlines Minefield
7
Find the US States
8
US States
More Television Quizzes
The Walking Dead: Alexandrians (Picture Click)
Quiz Lab
Trending Quizzes
Colored Red Europe Blitz I
Colored Red Africa Blitz II
Colored Red Europe Blitz II
Colored Red Africa Blitz III
Even More Two Season TV Shows
Recently Updated
March Madness Men's Triple Doubles
pecheneg
How Do You Spell That?
pecheneg
Godzilla Movies
pecheneg
Grab Bag: 4-10 Letters
pecheneg
2024 March Madness Bracket
pecheneg
Famous TV Couples
Peacemaker
Champions League XIs: Real Madrid
pecheneg
Largest US Cities 1790-2010
pecheneg
Rides in Walt Disney World
pecheneg
Most Oscar Losses (Acting)
pecheneg
Trending Topics
NBA
Harry Potter
Disney
Crossword
Anime
Marvel
Kpop
NFL
Soccer
Pokémon
Country
The Office
Puzzle
Song
WWE
Your Account Isn't Verified!
In order to create a playlist on Sporcle, you need to verify the email address you used during registration. Go to your
Sporcle Settings
to finish the process.
Report this User
Report this user for behavior that violates our
Community Guidelines
.
Details:
Send Report
Go to the Sporcle.com Mobile Site →
Comments